000 00566nam a22001697a 4500
003 NUST
038 _aNusrat Nadeem
082 _a200
100 _aHamza, Khawaja Muhammad
_9120120
245 _aSecrecy Performance of RIS-enhanced Communication under Imperfect CSI/
_cKhawaja Muhammad Hamza
264 _aIslamabad,
_bSEECS NUST,
_c2023.
300 _aill:
_b48,p:
_c30,cm.
650 _aMS- Electrical Engineering
_923567
700 _aSupervisor: Dr. Syed Ali Hassan
_996705
856 _u http://10.250.8.41:8080/xmlui/handle/123456789/40346
942 _2ddc
_cSC
999 _c607549
_d607549